|
|
|
|
| LEADER |
00000nab a2200000 a 4500 |
| 001 |
vtls000752603 |
| 003 |
SK-MaSNL |
| 005 |
20260304232829.0 |
| 008 |
250429c2000 xo 0 slo |
| 015 |
|
|
|a SNBRB2001/03-11847
|
| 035 |
|
|
|a CLN000104391
|
| 035 |
|
|
|a (urnnbn)urn:nbn:sk:snk:ar-005j5u
|
| 035 |
|
|
|a (uuid)5f36fe23-1932-44b2-ba5c-e8d2d22c3472
|
| 035 |
|
|
|a urn:nbn:sk:snk-ab7zpi
|
| 040 |
|
|
|a SNKBUCL
|b slo
|c SNKBUCL
|e AACR2
|
| 041 |
0 |
|
|a eng
|
| 044 |
|
|
|a xo
|c SK
|
| 080 |
|
|
|a 551.435.627(522)
|2 1997
|
| 100 |
1 |
|
|a Aramaki, Shyojirou
|4 aut
|9 1567920
|
| 245 |
1 |
0 |
|a Landslide hazard map of Central Kyushu in Japan
|c Shyojirou Aramaki, Shinichirou Yasunaga
|
| 300 |
|
|
|b Obr., tab.
|
| 504 |
|
|
|a Res. angl., slov.
|
| 504 |
|
|
|a Bibliogr. odkazy
|
| 650 |
0 |
7 |
|a zosuvy pôdy
|2 SNKPH
|9 51908
|
| 651 |
|
7 |
|a Kjúšu (Japonsko : ostrov)
|2 SNKPHgeo
|9 104328
|
| 655 |
|
7 |
|a články z novín a časopisov
|2 SNK
|9 267496
|
| 700 |
1 |
|
|a Yasunaga, Shinichirou
|4 aut
|9 1567921
|
| 773 |
0 |
|
|t Mineralia slovaca
|g Roč. 32, č. 4 (2000), s. 381-384
|x 0369-2086
|
| 850 |
|
|
|a Slovenská národná knižnica
|
| 852 |
|
|
|a Slovenská národná knižnica
|
| 958 |
|
|
|a article9
|
| 958 |
|
|
|a OND
|
| 958 |
|
|
|a JP
|
| 958 |
|
|
|a NB
|
| 958 |
|
|
|a EUIPO
|
| 992 |
|
|
|a RBX
|
| 999 |
|
|
|c 3195504
|d 3197434
|